[Event "UK Blitz Championship"]
[Site "Leamington"]
[Date "2025.11.22"]
[Round "10.4"]
[White "Waldhausen Gordon, Frederick"]
[Black "Gasanov, Eldar"]
[Result "1-0"]
[WhiteElo "2406"]
[BlackElo "2425"]
[PlyCount "109"]
[EventDate "2025.11.22"]
[EventType "tourn (blitz)"]
[EventRounds "15"]
[EventCountry "GBR"]
[SourceTitle "BritBase"]
[Source "John Saunders"]
[SourceDate "2025.11.23"]
[SourceVersion "1"]
[SourceVersionDate "2025.11.23"]
[SourceQuality "1"]

1. e4 Nc6 2. Nf3 d6 3. d4 Nf6 4. Nc3 g6 5. d5 Nb8 6. h3 Bg7 7. Be3 c6 8. Qd2 O-O 9. O-O-O b5 10. dxc6 b4 11. Nd5 Nxc6 12. Nxf6+ Bxf6 13. Bc4 Rb8 14. Nd4 Qc7 15. Nxc6 Qxc6 16. Qd3 Be6 17. Bxe6 fxe6 18. Bd4 a5 19. Bxf6 Rxf6 20. f3 a4 21. Kb1 Rc8 22. Rc1 Qc4 23. Qxc4 Rxc4 24. c3 b3 25. a3 Rf8 26. Rcd1 Rfc8 27. Kc1 Kf7 28. Kd2 d5 29. Ke3 R8c5 30. Rd3 Kf6 31. Rhd1 Ke5 32. Rd4 g5 33. g3 h6 34. R1d2 Kd6 35. Rd1 Ke5 36. f4+ gxf4+ 37. gxf4+ Kd6 38. R1d2 Kc6 39. exd5+ exd5 40. f5 Kd6 41. Kf4 Rxd4+ 42. Rxd4 Ra5 43. Rb4 Ra7 44. Rb6+ Kc5 45. Rxh6 d4 46. cxd4+ Kxd4 47. Rc6 Kd3 48. h4 Ra8 49. h5 Rg8 50. h6 Rg2 51. Rc3+ Kd4 52. Rh3 Rg8 53. h7 Rh8 54. Kg5 Ke5 55. Kg6 1-0

[Event "UK Blitz Championship"]
[Site "Leamington"]
[Date "2025.11.22"]
[Round "10.5"]
[White "Ganti, Shriaansh"]
[Black "Banerjee, Supratit"]
[Result "0-1"]
[WhiteElo "2126"]
[BlackElo "2327"]
[PlyCount "50"]
[EventDate "2025.11.22"]
[EventType "tourn (blitz)"]
[EventRounds "15"]
[EventCountry "GBR"]
[SourceTitle "BritBase"]
[Source "John Saunders"]
[SourceDate "2025.11.23"]
[SourceVersion "1"]
[SourceVersionDate "2025.11.23"]
[SourceQuality "1"]

1. e4 g6 2. d4 Bg7 3. Nc3 d6 4. Bc4 Nf6 5. h4 O-O 6. h5 Nxh5 7. Rxh5 gxh5 8. Qxh5 e6 9. Nf3 Qf6 10. Be3 Qg6 11. Qh2 Nc6 12. O-O-O h6 13. e5 Nb4 14. Ne1 d5 15. Be2 c5 16. a3 Nc6 17. Bd3 f5 18. exf6 Qxf6 19. dxc5 Qe5 20. Qh4 d4 21. Nf3 Rxf3 22. gxf3 dxe3 23. Rg1 exf2 24. Qxf2 Bd7 25. Qh4 Qe3+ 0-1

[Event "UK Blitz Championship"]
[Site "Leamington"]
[Date "2025.11.22"]
[Round "10.6"]
[White "Bazakutsa, Svyatoslav"]
[Black "Balaji, Aaravamudhan"]
[Result "1-0"]
[WhiteElo "2404"]
[BlackElo "2379"]
[PlyCount "61"]
[EventDate "2025.11.22"]
[EventType "tourn (blitz)"]
[EventRounds "15"]
[EventCountry "GBR"]
[SourceTitle "BritBase"]
[Source "John Saunders"]
[SourceDate "2025.11.23"]
[SourceVersion "1"]
[SourceVersionDate "2025.11.23"]
[SourceQuality "1"]

1. b3 g6 2. Bb2 Nf6 3. c4 Bg7 4. g3 O-O 5. Bg2 d6 6. d4 Nc6 7. Nf3 e5 8. d5 Ne7 9. Nc3 Nd7 10. e4 h6 11. O-O f5 12. exf5 gxf5 13. Nh4 a5 14. f4 e4 15. Rf2 Nc5 16. Bf1 c6 17. Ng2 cxd5 18. Nxd5 Nxd5 19. Bxg7 Kxg7 20. Qxd5 Qf6 21. Rd1 Be6 22. Qxd6 Na6 23. Qe5 Nb4 24. Rd6 Rfe8 25. Ne3 Rac8 26. Nxf5+ Kf7 27. Nd4 Nc6 28. Qxf6+ Kxf6 29. Nxe6 e3 30. Re2 Ke7 31. c5 1-0

[Event "UK Blitz Championship"]
[Site "Leamington"]
[Date "2025.11.22"]
[Round "10.7"]
[White "Siva, Mahadevan"]
[Black "Wells, Peter K"]
[Result "0-1"]
[WhiteElo "2365"]
[BlackElo "2384"]
[PlyCount "55"]
[EventDate "2025.11.22"]
[EventType "tourn (blitz)"]
[EventRounds "15"]
[EventCountry "GBR"]
[SourceTitle "BritBase"]
[Source "John Saunders"]
[SourceDate "2025.11.23"]
[SourceVersion "1"]
[SourceVersionDate "2025.11.23"]
[SourceQuality "1"]

1. e4 c5 2. Nf3 Nc6 3. d4 cxd4 4. Nxd4 Nf6 5. Nc3 d6 6. Bg5 e6 7. Qd2 Be7 8. O-O-O O-O 9. f4 Nxd4 10. Qxd4 Qa5 11. Bc4 Bd7 12. e5 dxe5 13. fxe5 Bc6 14. Bd2 Nd7 15. Nd5 Qd8 16. Nxe7+ Qxe7 17. Rhe1 Nb6 18. Bb3 Rfd8 19. Qg4 Rd7 20. Bg5 Qf8 21. c3 a5 22. Bc2 a4 23. Rd4 Rxd4 24. Qxd4 Nd5 25. Re4 a3 26. b3 Nxc3 27. Re3 Nxa2+ 28. Kb1 0-1

[Event "UK Blitz Championship"]
[Site "Leamington"]
[Date "2025.11.22"]
[Round "10.8"]
[White "Badacsonyi, Stanley"]
[Black "Kozusek, Daniel"]
[Result "1-0"]
[WhiteElo "2447"]
[BlackElo "2316"]
[PlyCount "75"]
[EventDate "2025.11.22"]
[EventType "tourn (blitz)"]
[EventRounds "15"]
[EventCountry "GBR"]
[SourceTitle "BritBase"]
[Source "John Saunders"]
[SourceDate "2025.11.23"]
[SourceVersion "1"]
[SourceVersionDate "2025.11.23"]
[SourceQuality "1"]

1. d4 d5 2. c4 e6 3. Nc3 Bb4 4. e3 Nf6 5. Bd2 O-O 6. Nf3 b6 7. cxd5 exd5 8. Rc1 Be7 9. Bd3 c5 10. Ne5 Bb7 11. O-O Nc6 12. Ne2 Bd6 13. f4 c4 14. Bb1 b5 15. Ng3 g6 16. Qf3 Qe7 17. Be1 Rad8 18. h4 h5 19. b3 Ne8 20. Nxh5 gxh5 21. Qxh5 f5 22. Bxf5 Nf6 23. Qg5+ Qg7 24. Be6+ Kh7 25. Qf5+ Kh6 26. g4 Bxe5 27. dxe5 Ne7 28. Qg5+ Qxg5 29. hxg5+ Kg6 30. gxf6 Nc6 31. Bh4 Rh8 32. f5+ Kh6 33. Bg3 Kg5 34. Kf2 d4 35. Bf4+ Kxg4 36. Rg1+ Kh4 37. Rh1+ Kg4 38. Rcg1# 1-0

[Event "UK Blitz Championship"]
[Site "Leamington"]
[Date "2025.11.22"]
[Round "11.1"]
[White "Kozusek, Daniel"]
[Black "D'Costa, Lorin AR"]
[Result "1/2-1/2"]
[WhiteElo "2316"]
[BlackElo "2349"]
[PlyCount "125"]
[EventDate "2025.11.22"]
[EventType "tourn (blitz)"]
[EventRounds "15"]
[EventCountry "GBR"]
[SourceTitle "BritBase"]
[Source "John Saunders"]
[SourceDate "2025.11.23"]
[SourceVersion "1"]
[SourceVersionDate "2025.11.23"]
[SourceQuality "1"]

1. d4 Nf6 2. c4 e6 3. Nf3 b6 4. a3 Bb7 5. Nc3 Ne4 6. Nxe4 Bxe4 7. Nd2 Bb7 8. e4 Qf6 9. e5 Qg6 10. Nf3 Be7 11. h4 c5 12. d5 exd5 13. Bd3 Qe6 14. cxd5 Qxd5 15. O-O Nc6 16. Re1 h6 17. Qc2 Nd4 18. Qd1 Nxf3+ 19. Qxf3 Qxf3 20. gxf3 Bxf3 21. h5 Bxh5 22. Be4 Rd8 23. Bd5 O-O 24. Bf4 d6 25. e6 fxe6 26. Rxe6 Bf7 27. Rxe7 Bxd5 28. Bg3 Rf7 29. Re3 Bf3 30. Rae1 d5 31. Re7 d4 32. Bh4 g5 33. Bg3 d3 34. Re8+ Rxe8 35. Rxe8+ Kh7 36. Rd8 Be2 37. Be5 h5 38. Bc3 h4 39. Bd2 g4 40. Bc3 g3 41. fxg3 hxg3 42. Rh8+ Kg6 43. Rg8+ Kf5 44. Rxg3 Ke4 45. Rg8 Rd7 46. Kf2 Kd5 47. Ke3 Kc4 48. Kd2 Kb3 49. Re8 b5 50. Rb8 Kc4 51. Rc8 Rd5 52. b4 Rf5 53. Rc7 a6 54. Rc8 Bf1 55. Rxc5+ Rxc5 56. bxc5 Kxc5 57. Ba5 Kc4 58. Bb4 Kb3 59. Bf8 Ka4 60. Kc3 a5 61. Be7 Be2 62. Bd6 Bf1 63. Be7 1/2-1/2

[Event "UK Blitz Championship"]
[Site "Leamington"]
[Date "2025.11.22"]
[Round "11.2"]
[White "Wells, Peter K"]
[Black "Badacsonyi, Stanley"]
[Result "0-1"]
[WhiteElo "2384"]
[BlackElo "2447"]
[PlyCount "52"]
[EventDate "2025.11.22"]
[EventType "tourn (blitz)"]
[EventRounds "15"]
[EventCountry "GBR"]
[SourceTitle "BritBase"]
[Source "John Saunders"]
[SourceDate "2025.11.23"]
[SourceVersion "1"]
[SourceVersionDate "2025.11.23"]
[SourceQuality "1"]

1. d4 Nf6 2. Bg5 d5 3. e3 g6 4. Bxf6 exf6 5. c4 dxc4 6. Bxc4 Bd6 7. Nc3 c6 8. Nf3 h5 9. Qd3 Kf8 10. O-O-O Kg7 11. e4 Nd7 12. e5 Be7 13. Rhe1 Nb6 14. Bb3 Bf5 15. Ne4 fxe5 16. Nxe5 Nd5 17. Kb1 Bb4 18. Rf1 Re8 19. Ka1 f6 20. f4 fxe5 21. fxe5 Qh4 22. Rxf5 gxf5 23. Ng3 Rf8 24. Nxf5+ Rxf5 25. Qxf5 Rf8 26. Qe6 Qg4 0-1

[Event "UK Blitz Championship"]
[Site "Leamington"]
[Date "2025.11.22"]
[Round "11.3"]
[White "Balaji, Aaravamudhan"]
[Black "Siva, Mahadevan"]
[Result "0-1"]
[WhiteElo "2379"]
[BlackElo "2365"]
[PlyCount "66"]
[EventDate "2025.11.22"]
[EventType "tourn (blitz)"]
[EventRounds "15"]
[EventCountry "GBR"]
[SourceTitle "BritBase"]
[Source "John Saunders"]
[SourceDate "2025.11.23"]
[SourceVersion "1"]
[SourceVersionDate "2025.11.23"]
[SourceQuality "1"]

1. d4 d5 2. c4 e6 3. Nc3 Nf6 4. cxd5 exd5 5. Bg5 Be7 6. e3 h6 7. Bh4 O-O 8. Bd3 c6 9. Nge2 Nbd7 10. O-O a5 11. Qc2 Re8 12. Rad1 Nf8 13. Rfe1 Ne6 14. f3 b5 15. Bf2 Ba6 16. e4 dxe4 17. Nxe4 Nd5 18. a3 Qb6 19. N4c3 b4 20. Na4 Bxd3 21. Qxd3 Qb5 22. Qxb5 cxb5 23. Nc5 bxa3 24. bxa3 Rac8 25. Rc1 Bd6 26. Ng3 Nef4 27. Nge4 Bf8 28. Kf1 f5 29. Ng3 Rxe1+ 30. Rxe1 g6 31. Rb1 b4 32. axb4 axb4 33. Ne2 Nxe2 0-1

[Event "UK Blitz Championship"]
[Site "Leamington"]
[Date "2025.11.22"]
[Round "11.4"]
[White "Banerjee, Supratit"]
[Black "Bazakutsa, Svyatoslav"]
[Result "0-1"]
[WhiteElo "2327"]
[BlackElo "2404"]
[PlyCount "88"]
[EventDate "2025.11.22"]
[EventType "tourn (blitz)"]
[EventRounds "15"]
[EventCountry "GBR"]
[SourceTitle "BritBase"]
[Source "John Saunders"]
[SourceDate "2025.11.23"]
[SourceVersion "1"]
[SourceVersionDate "2025.11.23"]
[SourceQuality "1"]

1. e4 d6 2. d4 Nf6 3. Nc3 g6 4. Nf3 Bg7 5. Be2 O-O 6. O-O Nc6 7. d5 Ne5 8. Nxe5 dxe5 9. Bc4 Ne8 10. a4 Nd6 11. Bb3 f5 12. f3 f4 13. Nb5 a6 14. Nxd6 exd6 15. c4 g5 16. a5 h5 17. Bd2 g4 18. Be1 Qg5 19. Qd2 gxf3 20. Rxf3 Qg6 21. Bc2 Bg4 22. Raa3 Bh6 23. b4 Rf7 24. Qe2 Rg7 25. c5 Kh7 26. Bd1 Bxf3 27. Qxf3 Rag8 28. Ra2 Qe8 29. Qxh5 Qb5 30. cxd6 cxd6 31. Qf5+ Kh8 32. Qf6 Bg5 33. Qe6 Qc4 34. Rf2 Qxe4 35. Bc3 Bh4 36. Qh3 Rh7 37. Re2 Qb1 38. Rd2 Bf2+ 39. Kxf2 Rxh3 40. gxh3 Qe4 41. Re2 Qd3 42. Bd2 Qxh3 43. Bc2 Rg2+ 44. Ke1 Rg1+ 0-1

[Event "UK Blitz Championship"]
[Site "Leamington"]
[Date "2025.11.22"]
[Round "11.5"]
[White "Gasanov, Eldar"]
[Black "Ganti, Shriaansh"]
[Result "1-0"]
[WhiteElo "2425"]
[BlackElo "2126"]
[PlyCount "99"]
[EventDate "2025.11.22"]
[EventType "tourn (blitz)"]
[EventRounds "15"]
[EventCountry "GBR"]
[SourceTitle "BritBase"]
[Source "John Saunders"]
[SourceDate "2025.11.23"]
[SourceVersion "1"]
[SourceVersionDate "2025.11.23"]
[SourceQuality "1"]

1. e4 c5 2. Be2 Nc6 3. f4 g6 4. Nf3 Bg7 5. O-O d6 6. c3 Nf6 7. d3 O-O 8. Kh1 Rb8 9. Be3 b5 10. a3 a5 11. Nbd2 b4 12. d4 cxd4 13. cxd4 d5 14. e5 Ne4 15. Nxe4 dxe4 16. Ng5 h6 17. Nxe4 Be6 18. Nc5 Bd5 19. f5 gxf5 20. Rxf5 e6 21. Rh5 Qe7 22. Bxh6 Bxh6 23. Bf3 Bg7 24. Bxd5 exd5 25. Qg4 f5 26. Qf3 Nxe5 27. Qxd5+ Nf7 28. Rxf5 Rbd8 29. Qe6 Qd6 30. Raf1 Qxe6 31. Nxe6 Rde8 32. Nxf8 Rxf8 33. Rxa5 bxa3 34. bxa3 Bxd4 35. Raf5 Bg7 36. a4 Nd6 37. Rxf8+ Bxf8 38. a5 Nb5 39. Rc1 Bd6 40. a6 Na7 41. g4 Kf7 42. Kg2 Ke6 43. h4 Nb5 44. Rb1 Na7 45. Kf3 Bc5 46. Ke4 Nc8 47. Rc1 Kd6 48. g5 Ne7 49. h5 Nd5 50. Rd1 1-0

[Event "UK Blitz Championship"]
[Site "Leamington"]
[Date "2025.11.22"]
[Round "11.6"]
[White "Maroroa Jones, Gawain C B"]
[Black "Waldhausen Gordon, Frederick"]
[Result "1-0"]
[WhiteElo "2663"]
[BlackElo "2406"]
[PlyCount "63"]
[EventDate "2025.11.22"]
[EventType "tourn (blitz)"]
[EventRounds "15"]
[EventCountry "GBR"]
[SourceTitle "BritBase"]
[Source "John Saunders"]
[SourceDate "2025.11.23"]
[SourceVersion "1"]
[SourceVersionDate "2025.11.23"]
[SourceQuality "1"]

1. Nf3 d5 2. g3 b6 3. b3 Bb7 4. Bb2 Nf6 5. Bg2 e6 6. O-O Nbd7 7. d3 Be7 8. Nbd2 O-O 9. c4 c5 10. e3 Bd6 11. Qe2 Qe7 12. e4 dxe4 13. dxe4 e5 14. Nh4 g6 15. Nb1 Nb8 16. Nc3 Nc6 17. Nd5 Nxd5 18. exd5 Nd4 19. Bxd4 exd4 20. Qxe7 Bxe7 21. d6 Bxh4 22. Bxb7 Rab8 23. Bc6 Bf6 24. d7 Kg7 25. Rfe1 Rfd8 26. Re8 a6 27. a4 g5 28. g4 Kg6 29. Kg2 Bg7 30. Rae1 Bf8 31. Rxd8 Rxd8 32. Re8 1-0

[Event "UK Blitz Championship"]
[Site "Leamington"]
[Date "2025.11.22"]
[Round "11.7"]
[White "Collins, Adam"]
[Black "Czopor, Maciej"]
[Result "1-0"]
[WhiteElo "2271"]
[BlackElo "2377"]
[PlyCount "108"]
[EventDate "2025.11.22"]
[EventType "tourn (blitz)"]
[EventRounds "15"]
[EventCountry "GBR"]
[SourceTitle "BritBase"]
[Source "John Saunders"]
[SourceDate "2025.11.23"]
[SourceVersion "1"]
[SourceVersionDate "2025.11.23"]
[SourceQuality "1"]

1. e4 c5 2. Nf3 e6 3. d4 cxd4 4. Nxd4 Nc6 5. Nc3 Bc5 6. Ndb5 Nf6 7. Bf4 O-O 8. Bc7 Qe7 9. Bd6 Bxd6 10. Qxd6 Qd8 11. O-O-O a6 12. Nd4 Ne7 13. a4 b5 14. axb5 axb5 15. Bxb5 Ra1+ 16. Kd2 Ra8 17. Kc1 Bb7 18. f3 Nc8 19. Qb4 Qc7 20. b3 d5 21. exd5 Bxd5 22. Kb2 Nd6 23. Ra1 Rab8 24. Ra6 Nxb5 25. Ndxb5 Qe5 26. Qd4 Qg5 27. h4 Qg3 28. h5 h6 29. Raa1 Rfd8 30. Qh4 Qg5 31. Qxg5 hxg5 32. h6 g4 33. hxg7 Kxg7 34. Nxd5 Rxd5 35. Nc3 Rd2 36. Rhg1 g3 37. Rad1 Rf2 38. Rdf1 Rd2 39. Rd1 Rf2 40. Rd3 Rc8 41. f4 Rxf4 42. Rxg3+ Kf8 43. Rf3 Rxf3 44. gxf3 Ke7 45. Rd1 Nd7 46. b4 Ne5 47. f4 Nc4+ 48. Kb3 Ne3 49. Rd3 Ng2 50. Rd4 f6 51. b5 Ne3 52. Re4 Nf5 53. Rb4 Kd6 54. b6 Rb8 1-0

[Event "UK Blitz Championship"]
[Site "Leamington"]
[Date "2025.11.22"]
[Round "11.8"]
[White "Vijayakumar, Rishi"]
[Black "Gormally, Daniel W"]
[Result "0-1"]
[WhiteElo "2399"]
[BlackElo "2485"]
[PlyCount "141"]
[EventDate "2025.11.22"]
[EventType "tourn (blitz)"]
[EventRounds "15"]
[EventCountry "GBR"]
[SourceTitle "BritBase"]
[Source "John Saunders"]
[SourceDate "2025.11.23"]
[SourceVersion "1"]
[SourceVersionDate "2025.11.23"]
[SourceQuality "1"]

1. d4 Nf6 2. c4 g6 3. h4 h6 4. Nc3 d5 5. cxd5 Nxd5 6. e4 Nxc3 7. bxc3 Bg7 8. h5 g5 9. f4 c5 10. Nf3 cxd4 11. cxd4 Bg4 12. Rb1 Bxf3 13. gxf3 Bxd4 14. Rxb7 Bc3+ 15. Bd2 Bxd2+ 16. Qxd2 Qxd2+ 17. Kxd2 Nc6 18. Rc7 Nd4 19. fxg5 Nxf3+ 20. Ke3 Nxg5 21. Bb5+ Kf8 22. Rd1 e6 23. Rdd7 a5 24. Bc6 Rb8 25. Ra7 Kg7 26. Rxa5 Rb2 27. a4 Rc8 28. Ra6 Rc2 29. Bb5 R8c3+ 30. Rd3 Rc5 31. Ra7 Ra2 32. Rb7 Kf6 33. Rd8 Rc3+ 34. Rd3 Rcc2 35. Rd8 Ke5 36. Bd3 Rh2 37. Rb5+ Kf6 38. Rg8 Rh3+ 39. Kd4 e5+ 40. Kc4 Ne6 41. Rb4 Ra1 42. Bc2 Rc1 43. Rb2 Nd4 44. a5 Rxc2+ 45. Rxc2 Nxc2 46. a6 Ra3 47. Rh8 Kg5 48. Kb5 Nd4+ 49. Kb6 Rb3+ 50. Kc5 Ne6+ 51. Kc6 Ra3 52. Kb6 Rb3+ 53. Kc6 Nd4+ 54. Kc7 Rc3+ 55. Kb6 Rc6+ 56. Kb7 Rc1 57. a7 Rb1+ 58. Kc8 Ra1 59. Kb7 Rxa7+ 60. Kxa7 Kxh5 61. Kb6 Kg5 62. Kc5 f6 63. Kd5 h5 64. Kc4 h4 65. Kd3 Kg4 66. Ke3 Nc2+ 67. Kd2 Nd4 68. Ke3 Nf3 69. Rf8 h3 70. Rf7 f5 71. Rf6 0-1

[Event "UK Blitz Championship"]
[Site "Leamington"]
[Date "2025.11.22"]
[Round "12.1"]
[White "D'Costa, Lorin AR"]
[Black "Gormally, Daniel W"]
[Result "1/2-1/2"]
[WhiteElo "2349"]
[BlackElo "2485"]
[PlyCount "96"]
[EventDate "2025.11.22"]
[EventType "tourn (blitz)"]
[EventRounds "15"]
[EventCountry "GBR"]
[SourceTitle "BritBase"]
[Source "John Saunders"]
[SourceDate "2025.11.23"]
[SourceVersion "1"]
[SourceVersionDate "2025.11.23"]
[SourceQuality "1"]

1. Nf3 d5 2. e3 c6 3. c4 Nf6 4. Nc3 a6 5. b3 Bg4 6. Bb2 Nbd7 7. d4 e6 8. h3 Bxf3 9. Qxf3 Bb4 10. a3 Bxc3+ 11. Bxc3 Ne4 12. Bb2 O-O 13. Bd3 f5 14. Qe2 b5 15. O-O bxc4 16. bxc4 Nb6 17. Rac1 Na4 18. Qc2 Nxb2 19. Qxb2 Qd6 20. c5 Qc7 21. Qb6 Qd7 22. Qa5 f4 23. f3 Ng3 24. Rfe1 fxe3 25. Rxe3 Nh5 26. Bf1 Qf7 27. Rce1 Qf6 28. Qd2 Nf4 29. Kh2 a5 30. g3 Nh5 31. f4 Qg6 32. Bd3 Qf7 33. Rxe6 Rfe8 34. Rxe8+ Rxe8 35. Rxe8+ Qxe8 36. Qe2 Qf7 37. Qe5 g6 38. Kg2 Nf6 39. Kf3 Ne4 40. Bxe4 dxe4+ 41. Qxe4 Qb3+ 42. Qe3 Qd5+ 43. Kf2 Qa2+ 44. Kg1 Qb1+ 45. Kg2 Qa2+ 46. Kf3 Qd5+ 47. Qe4 Qb3+ 48. Qe3 Qd5+ 1/2-1/2

[Event "UK Blitz Championship"]
[Site "Leamington"]
[Date "2025.11.22"]
[Round "12.2"]
[White "Czopor, Maciej"]
[Black "Vijayakumar, Rishi"]
[Result "1-0"]
[WhiteElo "2377"]
[BlackElo "2399"]
[PlyCount "123"]
[EventDate "2025.11.22"]
[EventType "tourn (blitz)"]
[EventRounds "15"]
[EventCountry "GBR"]
[SourceTitle "BritBase"]
[Source "John Saunders"]
[SourceDate "2025.11.23"]
[SourceVersion "1"]
[SourceVersionDate "2025.11.23"]
[SourceQuality "1"]

1. e4 e5 2. Nc3 Nf6 3. d4 exd4 4. Qxd4 Nc6 5. Qd3 Bc5 6. Bf4 O-O 7. O-O-O d6 8. f3 Be6 9. Kb1 d5 10. Qb5 Bd4 11. Nge2 Bxc3 12. Nxc3 d4 13. Qxb7 Qe8 14. Bb5 Bd7 15. Nd5 Nxd5 16. exd5 Rb8 17. Qxc7 Rxb5 18. dxc6 Bxc6 19. Rhe1 Qa8 20. Rxd4 Rb7 21. Qa5 Rb5 22. Qd2 a6 23. Rd6 Rb7 24. Rxc6 Rxb2+ 25. Kxb2 Qxc6 26. Re3 Qf6+ 27. Rc3 h6 28. Kc1 Qe6 29. Rb3 Re8 30. Kb2 Qf6+ 31. Kb1 Qe6 32. Bg3 Qf6 33. Qc3 Qe6 34. a3 Qe2 35. Rb7 Qd1+ 36. Kb2 Qd5 37. Qb3 Qd4+ 38. Ka2 Qf6 39. Rb6 Qf5 40. Rxa6 Re2 41. Rc6 h5 42. a4 g5 43. Rc4 h4 44. Bd6 Qf6 45. Ba3 Qe6 46. Bb2 Kh7 47. Qd3+ Kh6 48. a5 Re1 49. Qd4 Kh5 50. Kb3 Re3+ 51. Ka2 f5 52. Qh8+ Kg6 53. Qg7+ Kh5 54. Qh7+ Qh6 55. Qxh6+ Kxh6 56. a6 Re6 57. Ra4 g4 58. a7 Re8 59. a8=Q Rxa8 60. Rxa8 h3 61. gxh3 gxf3 62. Bd4 1-0

[Event "UK Blitz Championship"]
[Site "Leamington"]
[Date "2025.11.22"]
[Round "12.3"]
[White "Waldhausen Gordon, Frederick"]
[Black "Collins, Adam"]
[Result "1-0"]
[WhiteElo "2406"]
[BlackElo "2271"]
[PlyCount "70"]
[EventDate "2025.11.22"]
[EventType "tourn (blitz)"]
[EventRounds "15"]
[EventCountry "GBR"]
[SourceTitle "BritBase"]
[Source "John Saunders"]
[SourceDate "2025.11.23"]
[SourceVersion "1"]
[SourceVersionDate "2025.11.23"]
[SourceQuality "1"]

1. e4 c5 2. Nf3 d6 3. d4 cxd4 4. Nxd4 Nf6 5. Nc3 Nc6 6. f3 e5 7. Nb3 Be6 8. Nd5 Be7 9. Be3 O-O 10. Qd2 a5 11. Bb6 Qd7 12. Bb5 a4 13. Na5 Rfc8 14. Nc4 Ne8 15. Be3 Qd8 16. Ncb6 Bxd5 17. exd5 Nd4 18. Nxc8 Rxc8 19. Bxa4 Nc7 20. O-O Nxd5 21. Bxd4 exd4 22. Qxd4 Nf6 23. c3 d5 24. Kh1 Qd6 25. Rad1 Qa6 26. Bb3 Bc5 27. Qd3 Qb6 28. Rfe1 h5 29. g3 h4 30. Kg2 Rd8 31. Qf5 hxg3 32. hxg3 d4 33. cxd4 Bxd4 34. Re2 Qa7 35. Red2 Qb6 1-0

[Event "UK Blitz Championship"]
[Site "Leamington"]
[Date "2025.11.22"]
[Round "12.4"]
[White "Ganti, Shriaansh"]
[Black "Maroroa Jones, Gawain C B"]
[Result "0-1"]
[WhiteElo "2126"]
[BlackElo "2663"]
[PlyCount "108"]
[EventDate "2025.11.22"]
[EventType "tourn (blitz)"]
[EventRounds "15"]
[EventCountry "GBR"]
[SourceTitle "BritBase"]
[Source "John Saunders"]
[SourceDate "2025.11.23"]
[SourceVersion "1"]
[SourceVersionDate "2025.11.23"]
[SourceQuality "1"]

1. e4 c5 2. Nf3 g6 3. d4 cxd4 4. Qxd4 Nf6 5. Nc3 Nc6 6. Qa4 d6 7. e5 dxe5 8. Nxe5 Bd7 9. Nxd7 Qxd7 10. Be3 Bg7 11. Rd1 Qc8 12. Be2 O-O 13. O-O a6 14. Qh4 Qf5 15. Bd3 Qg4 16. Qg5 Qxg5 17. Bxg5 Nb4 18. a3 Nxd3 19. Rxd3 Rac8 20. Rfd1 Rc7 21. h3 h5 22. Bf4 Rc5 23. Be3 Rc4 24. Rd4 Rc6 25. Rb4 b5 26. a4 bxa4 27. Rxa4 Rb8 28. Ra2 e6 29. Bd4 Rd8 30. Bxf6 Bxf6 31. Rxd8+ Bxd8 32. Ra3 Bf6 33. Kf1 Kf8 34. Ke2 Ke7 35. Kd3 Rd6+ 36. Ke2 Rb6 37. Rb3 Rxb3 38. cxb3 Bd4 39. f3 Kd6 40. Kd3 Bb6 41. Ne4+ Ke5 42. g3 h4 43. f4+ Kd5 44. Nf6+ Kc6 45. gxh4 Bd8 46. Ng4 f6 47. Kc4 Kd6 48. Kb4 Kd5 49. Nf2 Kd4 50. Ng4 Ke4 51. Nh6 Kxf4 52. Nf7 Be7+ 53. Ka5 e5 54. Nh8 Kf5 0-1

[Event "UK Blitz Championship"]
[Site "Leamington"]
[Date "2025.11.22"]
[Round "12.5"]
[White "Bazakutsa, Svyatoslav"]
[Black "Gasanov, Eldar"]
[Result "1-0"]
[WhiteElo "2404"]
[BlackElo "2425"]
[PlyCount "111"]
[EventDate "2025.11.22"]
[EventType "tourn (blitz)"]
[EventRounds "15"]
[EventCountry "GBR"]
[SourceTitle "BritBase"]
[Source "John Saunders"]
[SourceDate "2025.11.23"]
[SourceVersion "1"]
[SourceVersionDate "2025.11.23"]
[SourceQuality "1"]

1. b3 e5 2. Bb2 Nc6 3. e3 g6 4. Nf3 Bg7 5. c4 d6 6. Nc3 f5 7. Be2 Nf6 8. h4 h6 9. d4 e4 10. Ng1 Ne7 11. d5 c5 12. dxc6 bxc6 13. Qd2 Be6 14. Rd1 d5 15. cxd5 Nexd5 16. Nxd5 Bxd5 17. Nh3 O-O 18. Nf4 Bf7 19. Qc2 Qa5+ 20. Bc3 Qc5 21. Rc1 Nd5 22. Bxg7 Qxc2 23. Rxc2 Kxg7 24. Rxc6 Nb4 25. Rc7 Rfc8 26. Rb7 Rc1+ 27. Bd1 Nxa2 28. O-O Nc3 29. Be2 Nxe2+ 30. Nxe2 Rxf1+ 31. Kxf1 a5 32. Nc3 Kf6 33. Ke2 Rc8 34. Kd2 Rd8+ 35. Kc2 Ra8 36. Kb2 Ke6 37. Nb5 Kf6 38. Ka3 Rd8 39. Nd4 Ra8 40. g3 Bd5 41. Rb6+ Kf7 42. Nb5 Rd8 43. Ra6 Be6 44. Nd4 Bd5 45. Rxa5 Ba8 46. Ra7+ Kf6 47. Ra6+ Kf7 48. b4 Bd5 49. b5 Rc8 50. Rd6 Ra8+ 51. Kb4 Ba2 52. b6 Bb1 53. Nc6 Ra2 54. Kb3 Ra6 55. b7 Rb6+ 56. Kc3 1-0

[Event "UK Blitz Championship"]
[Site "Leamington"]
[Date "2025.11.22"]
[Round "12.6"]
[White "Siva, Mahadevan"]
[Black "Banerjee, Supratit"]
[Result "1-0"]
[WhiteElo "2365"]
[BlackElo "2327"]
[PlyCount "123"]
[EventDate "2025.11.22"]
[EventType "tourn (blitz)"]
[EventRounds "15"]
[EventCountry "GBR"]
[SourceTitle "BritBase"]
[Source "John Saunders"]
[SourceDate "2025.11.23"]
[SourceVersion "1"]
[SourceVersionDate "2025.11.23"]
[SourceQuality "1"]

1. e4 g6 2. d4 Bg7 3. Nf3 d6 4. Bc4 Nf6 5. Qe2 O-O 6. O-O Nc6 7. Rd1 e6 8. e5 Nd7 9. Bf4 d5 10. Bb3 a5 11. a4 Nb6 12. Nc3 Nb4 13. Nb5 h6 14. h4 Bd7 15. c3 Nc6 16. Bc2 Ne7 17. b3 Nbc8 18. c4 c6 19. Nc3 Nf5 20. g3 Be8 21. Rac1 Bd7 22. Kg2 Rb8 23. Rh1 h5 24. Rhd1 Nce7 25. Qd2 b6 26. Bd3 Qe8 27. Rb1 Rc8 28. c5 bxc5 29. dxc5 Rb8 30. Ne2 Rb4 31. Qc2 Qb8 32. Bd2 Bxe5 33. Nxe5 Qxe5 34. Bc3 d4 35. Bxb4 axb4 36. Qc4 Nd5 37. Bxf5 exf5 38. Re1 Qe4+ 39. Kg1 d3 40. Nd4 Qg4 41. Qxd3 f4 42. Qf3 Qh3 43. a5 Ra8 44. Ra1 fxg3 45. Qxg3 Nc3 46. Qxh3 Bxh3 47. Nxc6 Be6 48. Nd4 Bd5 49. a6 g5 50. hxg5 h4 51. a7 h3 52. Kh2 Kg7 53. c6 Kg6 54. f4 Kh5 55. Re3 Kg4 56. c7 Kxf4 57. Rxh3 Kxg5 58. Ra5 Kf4 59. Rxc3 bxc3 60. Rxd5 c2 61. Nxc2 Rxa7 62. c8=Q 1-0